Rock art in India (Record no. 941350)

MARC details
000 -LEADER
fixed length control field 00952nam a2200265Ia 4500
003 - CONTROL NUMBER IDENTIFIER
control field OSt
005 - DATE AND TIME OF LATEST TRANSACTION
control field 20221005033326.0
008 - FIXED-LENGTH DATA ELEMENTS--GENERAL INFORMATION
fixed length control field 221004b |||||||| |||| 00| 0 eng d
020 ## - INTERNATIONAL STANDARD BOOK NUMBER
International Standard Book Number 9789386223371 (hbk (Set))
037 ## - SOURCE OF ACQUISITION
Terms of availability Textual
040 ## - CATALOGING SOURCE
Original cataloging agency CRL
Transcribing agency CRL
Language of cataloging eng
041 ## - LANGUAGE CODE
Source of code eng
Language code of text/sound track or separate title eng
100 ## - MAIN ENTRY--PERSONAL NAME
Personal name Pradhan Sadasiba Au.
9 (RLIN) 586011
245 #0 - TITLE STATEMENT
Title Rock art in India
Remainder of title in felicitation of Prof. V.H. Sonawane. set of 2 vols.
260 ## - PUBLICATION, DISTRIBUTION, ETC.
Place of publication, distribution, etc. Delhi
Name of publisher, distributor, etc. B.R. Publishing Corporation India
Date of publication, distribution, etc. 2017
490 ## - SERIES STATEMENT
Volume/sequential designation Vol. 1
650 ## - SUBJECT ADDED ENTRY--TOPICAL TERM
Topical term or geographic name entry element ROCK DRAWINGS, PAINTINGS, AND ENGRAVINGS
9 (RLIN) 40507
700 ## - ADDED ENTRY--PERSONAL NAME
Personal name Garnayak Dibishada B. Au.
9 (RLIN) 586012
942 ## - ADDED ENTRY ELEMENTS (KOHA)
Classification part ND44;4, Q7.1-.2
Koha item type Textual
Source of classification or shelving scheme
Holdings
Withdrawn status Lost status Damaged status Not for loan Home library Current library Date acquired Source of acquisition Serial Enumeration / chronology Total Checkouts Full call number Barcode Date last seen Price effective from Koha item type
        Central Library Central Library 2022-10-05 2863, 16/09/2017, Research India Press Vol. 1   ND44;4 Q7.1-.2 CL1648135 2022-10-05 2022-10-05 Textual
Copyright @ Delhi University Library System